¿Conoce Vd. los efectos del abuso del alcohol y las drogas blandas? / (Registro nro. 12887)

Detalles MARC
000 -LIDER
fixed length control field 00686nam a22002177a 4500
003 - IDENTIFICACDOR DE NÚMERO DE CONTROL
control field DO-SdBNP
005 - DATE AND TIME OF LATEST TRANSACTION
control field 20171129152514.0
008 - ELEMENTOS DE LONGITUD FIJA
fixed length control field 171115b 1982 sp ||||| |||| 00| 0 spa d
020 ## - ISBN
International Standard Book Number 8430081631
040 ## - FUENTE DE CATALOGACIÓN
Agencia que crea de manera original el registro BPMSU
Idioma de catalogación spa
Agencia que realiza la transcripción BPMSU
092 ## - LOCALLY ASSIGNED DEWEY DECIMAL CALL NUMBER
Número de clasificación xxxx
Número de ítem (Cutter) xxxx
100 1# - ASIENTO PRINCIPAL -- NOMBRE PERSONAL
Nombre personal Polaino-Lorente, Aquilino
245 10 - MENCIÓN DE TITULO
Título ¿Conoce Vd. los efectos del abuso del alcohol y las drogas blandas? /
Mención de responsabilidad Dr. Aquilino Polaino-Lorente.
260 ## - PUBLICACIÓN, DISTRIBUCIÓN, ETC. (PIE DE IMPRENTA)
Lugar de publicación, distribución, etc Madrid :
Nombre del editor, distribuidor, etc. Acción familiar,
Fecha de publicación, distribución, etc 1982.
300 ## - DESCRIPCIÓN FÍSICA
Extensión 109 p. ;
Dimensiones 20 cm.
490 ## - MENCIÓN DE SERIES
Mención de serie Acción familiar
830 ## - ASIENTO SECUNDARIO DE SERIE--TÍTULO UNIFORME
Título uniforme Acción familiar
942 ## - ADDED ENTRY ELEMENTS (KOHA)
Source of classification or shelving scheme Dewey Decimal Classification
Koha item type Libros
945 ## - INFORMACIÓN DE PROCESAMIENTO LOCAL
Información de procesamiento local Inventariado extranjero / 2017 BT
956 ## - LOCAL ELECTRONIC LOCATION AND ACCESS (OCLC)
Nombre de host LPÉREZ
Número de acceso 10
Información de compresión 20171115
Trayectoria 0041
Existencias
Withdrawn status Lost status Source of classification or shelving scheme Damaged status Not for loan Collection code Home library Current library Date acquired Total Checkouts Barcode Date last seen Price effective from Koha item type
    Dewey Decimal Classification     Colección General Biblioteca Pública Metropolitana Salomé Ureña Biblioteca Pública Metropolitana Salomé Ureña 11/15/2017   BPMSU17110193 11/15/2017 11/15/2017 Libros